00549nam a22001817a 450000500170000001000150001702000270003203500130005903500130007203700130008508200060009810000250010424501060012926000370023527000530027230000210032570000210034620170501161308.0 aENG-115169 a9789385288081 c350.00 aEN-98701 aB-666119 bDBAD/PUB aN aSendker, Jan-Philipp aThe art of hearing hearbeats /cby Jan-Philipp Sendker ; translated from the German by Kevin Wiliarty aNew DelhibSpeaking Tiger c2015 a4381/4,Ansari Road, Daryaganj,bNew Delhie10002 a325p.c22cm(pbk) aWiliarty, Kelvin